Simple Korean words quiz - Statistics

General Stats
  • This quiz has been taken 423 times
  • The average score is 9 of 13
Answer Stats
Hint Answer % Correct
아니 no
93%
김치 kimchi
92%
커피 coffee
88%
비빔밥 bibimbap
86%
why
83%
Yes
83%
사과 apple
78%
dog
74%
book
64%
음식 food
64%
행복 happy
62%
슬퍼 sad
46%
주황색 orange
30%
No matching quizzes found
Score Distribution
Percent of People with Each Score
Percentile by Number Answered
Your Score History
You have not taken this quiz